[Event "22nd Open"]
[Site "Cappelle la Grande FRA"]
[Date "2006.02.20"]
[Round "4"]
[White "Kernazhitsky,L"]
[Black "Moroz,A"]
[Result "1/2-1/2"]
[WhiteElo "2355"]
[BlackElo "2506"]
[EventDate "2006.02.18"]

1. e4 c5 2. Nf3 Nc6 3. d4 cxd4 4. Nxd4 e5 5. Nb5 d6 6. a4 Be6 7. N1c3 a6 8.
Na3 Rc8 9. Bc4 Nf6 10. O-O Nd4 11. b3 Bxc4 12. bxc4 Qa5 13. Bd2 Be7 14. Nd5
Qd8 15. Rb1 Nxe4 16. Rxb7 Bf6 17. Bb4 O-O 18. Qg4 Nc5 19. Bxc5 Rxc5 20. Rd7
h5 21. Qh3 Qc8 22. Re1 Rxd5 23. cxd5 Qc5 24. c3 Qxa3 25. cxd4 Qxa4 26. dxe5
Bxe5 27. Rb7 h4 28. Reb1 Qe4 29. Qf3 Qxf3 30. gxf3 g5 31. h3 Kg7 32. Ra7
Rc8 33. Rxa6 Rc3 34. Kg2 Rc2 35. Ra4 Rd2 36. Rg4 Kg6 37. Rb8 f6 38. Rbb4 f5
39. Rgc4 Bg3 40. Rb3 Bxf2 41. Rc8 Bc5+ 42. Kh1 Rxd5 43. Rb2 Rd1+ 44. Kh2
Bd4 45. Re2 Be5+ 46. Kg2 Kf7 47. Rc7+ Kf6 48. Rc8 Rd3 49. Rf8+ Kg6 50. Rg8+
Kf6 51. Rf8+ Kg6 52. Rg8+ 1/2-1/2

[Event "22nd Open"]
[Site "Cappelle la Grande FRA"]
[Date "2006.02.20"]
[Round "4"]
[White "Skatchkov,P"]
[Black "Rudolf,An"]
[Result "1-0"]
[WhiteElo "2454"]
[BlackElo "2202"]
[EventDate "2006.02.18"]

1. d4 e6 2. Nf3 c5 3. g3 Nf6 4. Bg2 Nc6 5. O-O Be7 6. c4 cxd4 7. Nxd4 O-O
8. Nc3 a6 9. b3 Qc7 10. Bb2 d6 11. e3 Bd7 12. Rc1 Rac8 13. Nd5 exd5 14.
cxd5 Qb6 15. dxc6 bxc6 16. Qf3 Nd5 17. Rfd1 f5 18. Qe2 Nf6 19. Qd3 g6 20.
Nxc6 Bxc6 21. Rxc6 Rxc6 22. Bxf6 Bxf6 23. Qd5+ Kg7 24. Qxc6 Qxc6 25. Bxc6
Be7 26. Bb7 Rb8 27. Bxa6 Ra8 28. Bc4 Rxa2 29. Rd5 Rb2 30. Rb5 Kf6 31. Kg2
h6 32. h3 Kg7 33. Rb7 Kf6 34. g4 Rd2 35. Rb5 fxg4 36. hxg4 Kg7 37. Kg3 g5
38. Rb7 Kf6 39. Rd7 Rc2 40. Bd5 Ke5 41. Rxe7+ Kxd5 42. Rh7 Ke4 43. Rxh6 Rc1
44. Re6+ Kd3 45. Rxd6+ Ke2 46. Kg2 Rb1 47. Rd5 Rxb3 48. Rxg5 Rb8 49. Rf5
Rg8 50. Kg3 1-0

[Event "22nd Open"]
[Site "Cappelle la Grande FRA"]
[Date "2006.02.20"]
[Round "4"]
[White "Ivanov,Sergey1"]
[Black "Marzolo,C"]
[Result "0-1"]
[WhiteElo "2541"]
[BlackElo "2393"]
[EventDate "2006.02.18"]

1. d4 Nf6 2. Nf3 e6 3. c4 c5 4. d5 exd5 5. cxd5 d6 6. Nc3 g6 7. Nd2 Bg7 8.
e4 O-O 9. Be2 Re8 10. O-O b6 11. Re1 Ba6 12. a4 Bxe2 13. Qxe2 Nh5 14. Nc4
f5 15. Qf3 Nd7 16. Bd2 Rf8 17. g3 Ne5 18. Nxe5 Bxe5 19. Bh6 Rf7 20. exf5
Ng7 21. Bxg7 Kxg7 22. Qg4 Rxf5 23. Re2 Qg8 24. Nb5 Qf7 25. f4 Rf8 26. Rae1
a6 27. Nc3 Kh8 28. Kg2 h5 29. Qf3 g5 30. Re4 gxf4 31. gxf4 Rxf4 32. Rxf4
Qxf4 33. Qxf4 Rxf4 34. Ne4 Rg4+ 35. Kf3 Rh4 36. a5 Rh3+ 37. Ng3 bxa5 38.
Rxe5 dxe5 39. d6 Rxh2 40. Ne2 Rh1 41. Nc3 Rf1+ 42. Ke4 Rf8 43. Kxe5 h4 44.
Ne4 h3 45. Kd5 h2 46. Ng3 Rc8 47. b3 a4 48. bxa4 c4 49. d7 Rd8 50. Kxc4
Rxd7 0-1

[Event "22nd Open"]
[Site "Cappelle la Grande FRA"]
[Date "2006.02.20"]
[Round "4"]
[White "Medghoul,S"]
[Black "Sarakauskas,G"]
[Result "1-0"]
[WhiteElo "2238"]
[BlackElo "2453"]
[EventDate "2006.02.18"]

1. d4 d5 2. c4 c6 3. Nf3 Nf6 4. Nc3 a6 5. a4 g6 6. Bg5 Ne4 7. Bf4 Bg7 8. e3
O-O 9. Bd3 Nxc3 10. bxc3 Nd7 11. O-O dxc4 12. Bxc4 Nb6 13. Bb3 Nd5 14. Bxd5
Qxd5 15. Ne5 f6 16. c4 Qa5 17. Nf3 e5 18. Bg3 Bg4 19. h3 Bh5 20. c5 Rf7 21.
Qd2 Qd8 22. dxe5 Bxf3 23. Qxd8+ Rxd8 24. gxf3 fxe5 25. Rfd1 Rd5 26. Rxd5
cxd5 27. Rc1 g5 28. h4 h6 29. hxg5 hxg5 30. Kg2 Rc7 31. Kh3 Kf7 32. Kg4 Kf6
33. f4 gxf4 34. exf4 e4 35. f5 Rc6 36. Bd6 b6 37. Rd1 bxc5 38. Rxd5 Kf7 39.
Bxc5 Bh6 40. Rd7+ Ke8 41. Re7+ Kd8 42. Re6 Rxc5 43. Rxh6 Ra5 44. Re6 Rxa4
45. f6 Ra2 46. f7 Rxf2 47. Re8+ 1-0

[Event "22nd Open"]
[Site "Cappelle la Grande FRA"]
[Date "2006.02.20"]
[Round "4"]
[White "Benitah,Y"]
[Black "Lopez Martinez,J"]
[Result "1/2-1/2"]
[WhiteElo "2398"]
[BlackElo "2518"]
[EventDate "2006.02.18"]

1. d4 Nf6 2. c4 d6 3. Nc3 e5 4. d5 Be7 5. e4 O-O 6. f3 Ne8 7. Be3 f5 8.
exf5 Bxf5 9. Qd2 Nd7 10. Nge2 h6 11. Ng3 Bh7 12. Bd3 Bxd3 13. Qxd3 Bg5 14.
Bf2 Bh4 15. O-O-O a6 16. Bg1 b5 17. Nge4 Nef6 18. Kb1 Nxe4 19. Nxe4 Nf6 20.
Nc3 bxc4 21. Qxc4 Ne8 22. Ne4 Kh8 23. Be3 Rb8 24. Qxa6 Nf6 25. Nc3 Nd7 26.
Qc4 Bg5 27. Bf2 Rb7 28. Ne4 Qb8 29. Qc2 Be7 30. Rhe1 Qa8 31. Re2 Rfb8 32.
b3 Nf6 33. Rd3 Qa6 34. Nxf6 Bxf6 35. Re4 Qa8 36. Qd2 Rb5 37. h4 Ra5 38. Rc4
Qa6 39. Rc2 Ra8 40. g4 Kg8 41. Be1 Ra3 42. Qe2 Qb5 43. Qe4 R3a4 44. Qe2 Ra3
45. Qe4 1/2-1/2

[Event "22nd Open"]
[Site "Cappelle la Grande FRA"]
[Date "2006.02.20"]
[Round "4"]
[White "Kveinys,A"]
[Black "Ovod,E"]
[Result "1/2-1/2"]
[WhiteElo "2517"]
[BlackElo "2366"]
[EventDate "2006.02.18"]

1. d4 Nf6 2. c4 e6 3. Nc3 Bb4 4. e3 c5 5. Nge2 b6 6. a3 Ba5 7. Bd2 Ba6 8.
Qa4 Bxc3 9. Nxc3 O-O 10. dxc5 bxc5 11. f3 Qb6 12. Qc2 d6 13. Be2 Nbd7 14.
O-O Rab8 15. b4 cxb4 16. axb4 Bb7 17. Nb5 a6 18. Nd4 Rfc8 19. Qa2 Ne5 20.
Rfc1 Nfd7 21. Rab1 Qd8 22. e4 Qf6 23. Be3 g5 24. Qd2 h6 25. Nb3 Qg6 26. h3
f5 27. exf5 exf5 28. Na5 Ba8 29. Rd1 Re8 30. Qxd6 Re6 31. Qd4 g4 32. hxg4
fxg4 33. fxg4 Nf6 34. g5 Ne4 35. Rf1 Nxg5 36. Bxg5 Qxg5 37. Rf2 Rg6 38. Qf4
Qxf4 39. Rxf4 Rxg2+ 40. Kf1 Rh2 41. Rb3 Rh1+ 42. Kf2 Rh2+ 43. Kf1 Rh1+ 44.
Kf2 Rh2+ 1/2-1/2

[Event "22nd Open"]
[Site "Cappelle la Grande FRA"]
[Date "2006.02.20"]
[Round "4"]
[White "Borges Mateos,J"]
[Black "Polard,G"]
[Result "1/2-1/2"]
[WhiteElo "2449"]
[BlackElo "2173"]
[EventDate "2006.02.18"]

1. Nf3 d5 2. d4 Nf6 3. c4 c6 4. Nc3 a6 5. e3 b5 6. b3 Bg4 7. Qc2 e6 8. c5
Bf5 9. Bd3 Bxd3 10. Qxd3 Nbd7 11. O-O Be7 12. a3 a5 13. Bd2 O-O 14. b4 axb4
15. axb4 Qc7 16. Rfd1 Rxa1 17. Rxa1 Qb7 18. Qb1 Ra8 19. Ra2 Bd8 20. Ne1
Rxa2 21. Qxa2 Nb8 22. f3 Qa6 23. Qb2 Bc7 24. Nd3 Nbd7 25. Be1 e5 26. Bg3
exd4 27. Bxc7 dxc3 28. Qxc3 Qa2 29. h3 Qc4 30. Qa3 h5 31. Ne5 Nxe5 32. Bxe5
Kh7 33. Kh2 Nd7 34. Bd6 d4 35. Qa7 d3 36. Qxd7 Qe6 37. Qa7 d2 38. Qa1 Qxe3
39. Qb1+ Kg8 40. Qf5 d1=Q 41. Qc8+ Kh7 42. Qf5+ 1/2-1/2

[Event "22nd Open"]
[Site "Cappelle la Grande FRA"]
[Date "2006.02.20"]
[Round "4"]
[White "Aloma Vidal,R"]
[Black "Sumets,A"]
[Result "1-0"]
[WhiteElo "2264"]
[BlackElo "2457"]
[EventDate "2006.02.18"]

1. d4 d5 2. c4 c6 3. Nf3 Nf6 4. e3 a6 5. Nbd2 Bf5 6. Nh4 Bg6 7. g4 e6 8. g5
Nfd7 9. Nxg6 hxg6 10. h4 c5 11. cxd5 exd5 12. Bg2 cxd4 13. Bxd5 dxe3 14.
Nc4 Bc5 15. b4 Bxb4+ 16. Kf1 Nc6 17. Rb1 Qc7 18. Qf3 Nde5 19. Nxe5 Nxe5 20.
Qe4 O-O-O 21. Bxe3 Rxd5 22. Qxd5 Nc6 23. Qe4 Ba5 24. Qg4+ Kb8 25. Bf4 Ne5
26. Qe2 Re8 27. Qxa6 Re6 28. Qb5 f6 29. Rh3 Rb6 30. Qe8+ Ka7 31. Rc1 Qd6
32. Be3 Qd3+ 33. Kg1 Qe4 34. Bxb6+ Kxb6 35. Qd8+ Ka6 36. Qd6+ b6 37. Qa3
fxg5 38. hxg5 Qf4 39. Qe3 Qf5 40. Rg3 Bb4 41. f4 Nd7 1-0

[Event "22nd Open"]
[Site "Cappelle la Grande FRA"]
[Date "2006.02.20"]
[Round "4"]
[White "Zimmerman,Y"]
[Black "Kurnosov,I"]
[Result "1/2-1/2"]
[WhiteElo "2379"]
[BlackElo "2517"]
[EventDate "2006.02.18"]

1. d4 Nf6 2. c4 g6 3. Nc3 d5 4. cxd5 Nxd5 5. Bd2 Bg7 6. e4 Nb6 7. Be3 O-O
8. h3 f5 9. Nf3 Nc6 10. Qb3+ Kh8 11. Rd1 fxe4 12. Ne5 Nxe5 13. dxe5 Qe8 14.
Bd4 Bd7 15. Qc2 Bc6 16. b3 Rd8 17. Nxe4 Rf4 18. f3 Bxe4 19. fxe4 Qc6 20.
Qxc6 bxc6 21. Bxb6 Rxe4+ 22. Be2 Rxd1+ 23. Kxd1 cxb6 24. Bf3 Rxe5 25. Bxc6
Rc5 26. Bf3 Bc3 27. Ke2 Bd4 28. Kd3 e5 29. Re1 Kg7 30. Rf1 Ra5 31. a4 Rc5
32. Kd2 Kf6 33. Bd5+ Kg5 34. Be4 Rc3 35. Rf3 Rc7 36. Rf1 Bc3+ 37. Kd3 Bb4
38. Bd5 Rc3+ 39. Ke4 Bd6 40. Rf7 Bc5 1/2-1/2

[Event "22nd Open"]
[Site "Cappelle la Grande FRA"]
[Date "2006.02.20"]
[Round "4"]
[White "Leon Hoyos,M"]
[Black "Brodsky,M"]
[Result "0-1"]
[WhiteElo "2428"]
[BlackElo "2581"]
[EventDate "2006.02.18"]

1. d4 Nf6 2. Bg5 e6 3. e4 h6 4. Bxf6 Qxf6 5. Nc3 Bb4 6. Qd2 d6 7. O-O-O Nd7
8. Kb1 O-O 9. Nf3 c6 10. a3 Ba5 11. h4 e5 12. d5 Bxc3 13. Qxc3 Nc5 14. Qe3
cxd5 15. Rxd5 Be6 16. Rd2 Rfe8 17. Bd3 a6 18. Rg1 Bg4 19. Bc4 b5 20. Ba2
Rab8 21. Ne1 b4 22. f3 Be6 23. Bxe6 Qxe6 24. axb4 Rxb4 25. Nd3 Ra4 26. Nc1
Rb8 27. Rd5 Rab4 28. b3 a5 29. Rgd1 R4b6 30. Nd3 a4 31. Nxc5 dxc5 32. Qxc5
axb3 33. c4 Rc6 34. Qa7 Rcc8 35. h5 Qc6 36. c5 Ra8 37. Qb6 Qa4 38. Rd8+ Kh7
39. Qg6+ fxg6 0-1

[Event "22nd Open"]
[Site "Cappelle la Grande FRA"]
[Date "2006.02.20"]
[Round "4"]
[White "Azarov,S"]
[Black "Lukov,V"]
[Result "1-0"]
[WhiteElo "2581"]
[BlackElo "2430"]
[EventDate "2006.02.18"]

1. e4 c5 2. Nf3 Nc6 3. d4 cxd4 4. Nxd4 Qc7 5. Nc3 e6 6. Be2 a6 7. O-O Nf6
8. Be3 Be7 9. f4 d6 10. Qe1 O-O 11. Qg3 Nxd4 12. Bxd4 b5 13. a3 Bb7 14. Kh1
Rad8 15. Rae1 Rd7 16. Bd3 Re8 17. e5 dxe5 18. Bxe5 Qd8 19. f5 Bd6 20. Qh3
Bxe5 21. Rxe5 Rd6 22. Rfe1 exf5 23. Rxe8+ Nxe8 24. Qxf5 Nf6 25. Qc5 Qb6 26.
Qxb6 Rxb6 27. a4 b4 28. Nd1 b3 29. cxb3 Rxb3 30. Bc4 Rb4 31. b3 Kf8 32. Nc3
Rb6 33. Kg1 Ne8 34. a5 Rg6 35. Bf1 Rg4 36. Na4 Nc7 37. Nc5 Bc8 38. Rc1 Rb4
39. Nxa6 1-0

[Event "22nd Open"]
[Site "Cappelle la Grande FRA"]
[Date "2006.02.20"]
[Round "4"]
[White "Spraggett,K"]
[Black "Abergel,T"]
[Result "0-1"]
[WhiteElo "2581"]
[BlackElo "2426"]
[EventDate "2006.02.18"]

1. e4 c5 2. Nf3 Nc6 3. Bb5 d6 4. Bxc6+ bxc6 5. O-O e5 6. c3 Nf6 7. Re1 Bg4
8. h3 Bh5 9. d4 cxd4 10. cxd4 Nd7 11. Be3 Be7 12. Nbd2 O-O 13. Qc2 Rc8 14.
b3 exd4 15. Bxd4 c5 16. Bc3 Re8 17. Qd3 Nb6 18. Qa6 Qd7 19. Ba5 Bf6 20.
Rac1 h6 21. a4 d5 22. Bxb6 axb6 23. Qd3 d4 24. Nc4 Re6 25. e5 Bg5 26. Nxg5
hxg5 27. Qf5 Qc6 28. g4 Bg6 29. Qxg5 Qf3 30. Qh4 Be4 31. Rxe4 Qxe4 32. Qg3
Rd8 33. f4 d3 34. f5 d2 35. Nxd2 Qd4+ 36. Qf2 Rxe5 37. Qxd4 cxd4 38. Nc4
Re2 0-1

[Event "22nd Open"]
[Site "Cappelle la Grande FRA"]
[Date "2006.02.20"]
[Round "4"]
[White "Evdokimov,Alexa"]
[Black "Mannion,S"]
[Result "1-0"]
[WhiteElo "2498"]
[BlackElo "2340"]
[EventDate "2006.02.18"]

1. Nf3 Nf6 2. d4 c5 3. d5 g6 4. Nc3 Bg7 5. e4 d6 6. Bb5+ Nbd7 7. a4 O-O 8.
O-O a6 9. Bc4 Rb8 10. Re1 Ne8 11. a5 Nc7 12. Na4 Nb5 13. Bg5 Qxa5 14. Bxb5
axb5 15. Nxc5 Qc7 16. Nd3 Nb6 17. h3 Re8 18. Be3 f5 19. Nd4 fxe4 20. Nf4
Nc4 21. Nde6 Bxe6 22. Nxe6 Qd7 23. Bd4 Bf6 24. Rxe4 b6 25. f4 Qb7 26. Bxf6
exf6 27. b3 f5 28. Re2 Na5 29. b4 Nc4 30. Qd4 h6 31. g4 Kh7 32. Qf6 Ra8 33.
Rxa8 Rxa8 34. gxf5 gxf5 35. Qxf5+ Kh8 36. Qf6+ Kh7 37. Rg2 1-0

[Event "22nd Open"]
[Site "Cappelle la Grande FRA"]
[Date "2006.02.20"]
[Round "4"]
[White "Roiz,M"]
[Black "Petkevich,J"]
[Result "1-0"]
[WhiteElo "2599"]
[BlackElo "2433"]
[EventDate "2006.02.18"]

1. d4 Nf6 2. c4 e6 3. Nf3 b6 4. g3 Bb7 5. Bg2 Be7 6. Nc3 Ne4 7. Bd2 f5 8.
Qc2 Nxd2 9. Qxd2 O-O 10. O-O Bf6 11. Rad1 d6 12. Rfe1 Be4 13. Qe3 d5 14.
Ne5 c5 15. cxd5 exd5 16. dxc5 Bxe5 17. Nxe4 fxe4 18. Bxe4 d4 19. Qb3+ Kh8
20. Bxa8 Nd7 21. Bg2 Nxc5 22. Qd5 Qe7 23. e3 d3 24. b4 Na4 25. Rxd3 Qxb4
26. Rf1 Nc5 27. Rdd1 Bf6 28. e4 Na4 29. Qd6 Qxd6 30. Rxd6 Nc3 31. f4 Nxa2
32. Rd7 b5 33. e5 Bd8 34. Kh1 Bb6 35. e6 Re8 36. Bc6 1-0

[Event "22nd Open"]
[Site "Cappelle la Grande FRA"]
[Date "2006.02.20"]
[Round "4"]
[White "Rogule,L"]
[Black "Dembo,Y"]
[Result "1-0"]
[WhiteElo "2320"]
[BlackElo "2461"]
[EventDate "2006.02.18"]

1. c4 g6 2. Nc3 Bg7 3. g3 e5 4. Bg2 f5 5. d3 Nf6 6. e4 O-O 7. Nge2 Nh5 8.
exf5 gxf5 9. O-O d6 10. d4 c6 11. f4 Nd7 12. fxe5 dxe5 13. d5 cxd5 14. Nxd5
Ndf6 15. Nec3 Ng4 16. Qe2 Kh8 17. Bf3 e4 18. Bxg4 fxg4 19. Be3 Bf5 20. Bc5
Rf7 21. Rad1 Qc8 22. b4 Qe6 23. Nb5 b6 24. Ndc7 Qg6 25. Nxa8 bxc5 26. Nd6
Rf8 27. Nxf5 Rxa8 28. Nxg7 Nxg7 29. bxc5 Re8 30. Rd6 Qg5 31. Qf2 h6 32. Rd5
Qg6 33. Qf6 Kh7 34. Qxg6+ Kxg6 35. c6 Ne6 36. Re5 1-0

[Event "22nd Open"]
[Site "Cappelle la Grande FRA"]
[Date "2006.02.20"]
[Round "4"]
[White "Psakhis,L"]
[Black "Shirazi,K"]
[Result "1/2-1/2"]
[WhiteElo "2534"]
[BlackElo "2389"]
[EventDate "2006.02.18"]

1. d4 d6 2. e4 Nf6 3. f3 g6 4. c4 c5 5. d5 b5 6. cxb5 Bg7 7. Ne2 O-O 8.
Nec3 a6 9. Na3 Ne8 10. Be2 Nd7 11. O-O Nb6 12. Bg5 Nc7 13. Qd2 Re8 14. f4
axb5 15. Naxb5 Nxb5 16. Bxb5 Bd7 17. Bd3 Na4 18. Rab1 Qa5 19. Rfc1 c4 20.
Bf1 f5 21. e5 dxe5 22. fxe5 Bxe5 23. Nxa4 Qxa4 24. Bxc4 Bd6 25. Bh6 Kf7 26.
Rc2 Rec8 27. b3 Qb4 28. Qe2 Qc5+ 29. Be3 Qb4 30. g3 h5 31. Bg5 Qb6+ 32. Kg2
Rc7 33. Re1 Qb4 34. Ra1 Qa5 35. Qd2 Qa3 36. Qc3 e6 1/2-1/2

[Event "22nd Open"]
[Site "Cappelle la Grande FRA"]
[Date "2006.02.20"]
[Round "4"]
[White "Kononenko,T"]
[Black "Kulaots,K"]
[Result "0-1"]
[WhiteElo "2417"]
[BlackElo "2558"]
[EventDate "2006.02.18"]

1. d4 Nf6 2. c4 e6 3. Nf3 d5 4. Nc3 dxc4 5. e3 a6 6. a4 c5 7. Bxc4 Nc6 8.
O-O Bd6 9. Qe2 Qc7 10. Rd1 O-O 11. h3 b6 12. d5 exd5 13. Nxd5 Nxd5 14. Bxd5
Bb7 15. e4 Rae8 16. Be3 Bf4 17. Rac1 Bxe3 18. Qxe3 Re7 19. Nh4 Bc8 20. f4
Nb4 21. Bb3 Rd7 22. Rxd7 Bxd7 23. a5 bxa5 24. Rxc5 Qa7 25. Kh1 Nd3 26. Qxd3
Qxc5 27. Qxd7 Qc1+ 28. Qd1 Qxd1+ 29. Bxd1 Rb8 30. Nf5 Rxb2 31. Ne3 Rb4 32.
Bc2 a4 33. Nd5 Rc4 34. Bd3 Rc1+ 35. Kh2 a5 0-1

[Event "22nd Open"]
[Site "Cappelle la Grande FRA"]
[Date "2006.02.20"]
[Round "4"]
[White "Strugnell,C"]
[Black "Stopa,Ja"]
[Result "0-1"]
[WhiteElo "2164"]
[BlackElo "2464"]
[EventDate "2006.02.18"]

1. e4 c5 2. Nf3 Nc6 3. Nc3 e6 4. d4 cxd4 5. Nxd4 Nf6 6. Be2 Bb4 7. Nxc6
bxc6 8. e5 Ne4 9. Bd2 Nxd2 10. Qxd2 Qa5 11. Qe3 O-O 12. O-O f6 13. exf6
gxf6 14. Ne4 d5 15. a3 Be7 16. Ng3 Qc5 17. Qd2 e5 18. c4 Be6 19. Rac1 Qb6
20. Rc3 Kh8 21. Nh5 d4 22. Rg3 Rf7 23. Bd3 Rg8 24. Rxg8+ Kxg8 25. f4 e4 26.
Bxe4 Bxc4 27. Rc1 f5 28. Rxc4 fxe4 29. Ng3 e3 30. Qxd4 Qxd4 31. Rxd4 Bc5
32. Rd8+ Kg7 33. Re8 e2+ 34. Kh1 Rd7 0-1

[Event "22nd Open"]
[Site "Cappelle la Grande FRA"]
[Date "2006.02.20"]
[Round "4"]
[White "Draoui,N"]
[Black "Kovchan,A"]
[Result "0-1"]
[WhiteElo "2369"]
[BlackElo "2513"]
[EventDate "2006.02.18"]

1. e4 c5 2. Nf3 d6 3. d4 cxd4 4. Nxd4 Nf6 5. Nc3 a6 6. h3 g6 7. g4 Bg7 8.
g5 Nfd7 9. Bg2 Nc6 10. Nde2 O-O 11. O-O b5 12. f4 Bb7 13. Nd5 Na5 14. Kh1
Nc4 15. Rb1 e6 16. Ne3 Rc8 17. Ng4 Qe8 18. Ng3 f5 19. gxf6 Nxf6 20. Nxf6+
Bxf6 21. Qg4 Qe7 22. Rf2 Bg7 23. Re2 Nb6 24. Be3 Nd7 25. Rd2 d5 26. e5 Bh6
27. Re1 Rc4 28. b3 Nxe5 29. Qe2 Rc3 30. Bd4 Rxg3 31. Bxe5 d4 32. Bxb7 Rxh3+
33. Kg2 Re3 34. Qg4 Rxe1 0-1

[Event "22nd Open"]
[Site "Cappelle la Grande FRA"]
[Date "2006.02.20"]
[Round "4"]
[White "Shengelia,D"]
[Black "Rojas,L"]
[Result "1-0"]
[WhiteElo "2562"]
[BlackElo "2423"]
[EventDate "2006.02.18"]

1. d4 d5 2. Nf3 e6 3. e3 c5 4. b3 Nc6 5. Bb2 Nf6 6. Bd3 Be7 7. Nbd2 O-O 8.
O-O b6 9. a3 Bb7 10. Qe2 Rc8 11. Ne5 Nd7 12. Nxd7 Qxd7 13. dxc5 bxc5 14. e4
dxe4 15. Qxe4 g6 16. Qf4 Nd4 17. Rfe1 Rfe8 18. Rad1 Bd6 19. Qg4 f5 20. Qh3
e5 21. Nc4 Re6 22. Nxd6 Rxd6 23. Rxe5 c4 24. bxc4 Be4 25. c5 Ne2+ 26. Kh1
Rxd3 27. cxd3 Nf4 28. Qh4 Nxd3 29. Kg1 Rc7 30. Qf6 Rb7 31. c6 Bxc6 32. Re6
Rxb2 33. Re7 1-0

[Event "22nd Open"]
[Site "Cappelle la Grande FRA"]
[Date "2006.02.20"]
[Round "4"]
[White "Cosma,E"]
[Black "Kryvoruchko,Y"]
[Result "0-1"]
[WhiteElo "2367"]
[BlackElo "2513"]
[EventDate "2006.02.18"]

1. d4 Nf6 2. Nf3 c5 3. d5 b5 4. Bg5 Qb6 5. Bxf6 Qxf6 6. c3 d6 7. e4 a6 8.
a4 b4 9. a5 g5 10. Nfd2 Bg7 11. Nc4 Nd7 12. Bd3 O-O 13. h4 Ne5 14. hxg5
Qxg5 15. Nxe5 Bxe5 16. Qh5 Qg7 17. Qh6 f5 18. Qxg7+ Kxg7 19. exf5 Bxf5 20.
Bxf5 Rxf5 21. O-O Rb8 22. Ra2 Rf4 23. Re1 Rbf8 24. f3 h5 25. Nd2 h4 26. Re3
Rb8 27. Ne4 Rf5 28. Ra1 bxc3 29. bxc3 Rb2 30. Ree1 h3 31. gxh3 Rxf3 32.
Rab1 Ra2 33. Nxc5 Bh2+ 0-1

[Event "22nd Open"]
[Site "Cappelle la Grande FRA"]
[Date "2006.02.20"]
[Round "4"]
[White "Riff,JN"]
[Black "Baklan,V"]
[Result "1/2-1/2"]
[WhiteElo "2444"]
[BlackElo "2601"]
[EventDate "2006.02.18"]

1. e4 c5 2. Nf3 Nc6 3. Bb5 g6 4. O-O Bg7 5. c3 a6 6. Ba4 b5 7. Bb3 c4 8.
Bc2 Nf6 9. Re1 O-O 10. d4 cxd3 11. Qxd3 Qc7 12. Bg5 d6 13. h3 Bb7 14. a3 h6
15. Bf4 e5 16. Bh2 Rad8 17. Nbd2 Nd7 18. Rac1 Nb6 19. b4 h5 20. Bb3 Bh6 21.
Bg3 Kh7 22. Rc2 Rc8 23. Rd1 a5 24. Nf1 a4 25. Ba2 Ne7 26. N3d2 Ba6 27. Ne3
Kg7 28. Ndf1 Rfd8 29. f3 Nc4 30. Bxc4 bxc4 31. Qe2 Bb7 32. Kh1 1/2-1/2

[Event "22nd Open"]
[Site "Cappelle la Grande FRA"]
[Date "2006.02.20"]
[Round "4"]
[White "Porat,S"]
[Black "Lebel,P"]
[Result "1-0"]
[WhiteElo "2444"]
[BlackElo "2152"]
[EventDate "2006.02.18"]

1. d4 Nf6 2. c4 Nc6 3. Nf3 e6 4. g3 Bb4+ 5. Bd2 Bxd2+ 6. Nbxd2 d6 7. Bg2
O-O 8. O-O e5 9. d5 Nb8 10. e4 a5 11. Ne1 Na6 12. f4 exf4 13. gxf4 Nc5 14.
Qe2 Re8 15. e5 Bf5 16. Ndf3 Bg4 17. Qe3 Nfd7 18. Rc1 Qe7 19. Rc2 Bxf3 20.
Nxf3 dxe5 21. fxe5 Nxe5 22. Nxe5 Nd7 23. d6 cxd6 24. Rxf7 Qxf7 25. Bd5 Qxd5
26. cxd5 Rxe5 27. Qh3 Nc5 28. Rf2 Rae8 29. Qf3 h6 30. h3 R5e7 31. Qf5 Nd7
32. Qg6 1-0

[Event "22nd Open"]
[Site "Cappelle la Grande FRA"]
[Date "2006.02.20"]
[Round "4"]
[White "Czajka,Z"]
[Black "Vovk,Y"]
[Result "0-1"]
[WhiteElo "2127"]
[BlackElo "2414"]
[EventDate "2006.02.18"]

1. d4 Nf6 2. Nf3 g6 3. Bf4 Bg7 4. Nbd2 O-O 5. e4 d6 6. c3 Nc6 7. d5 e5 8.
Bg5 Ne7 9. h3 Nh5 10. g4 Nf4 11. Bxf4 exf4 12. Qc2 c6 13. dxc6 bxc6 14. Rd1
f5 15. gxf5 gxf5 16. Bc4+ Kh8 17. Ng5 d5 18. exd5 Nxd5 19. h4 Bb7 20. Kf1
Qf6 21. Re1 Rae8 22. Rxe8 Rxe8 23. Rh3 h6 24. Qb3 Qe7 25. Ngf3 Nf6 26. Bd3
Ng4 27. Qc4 c5 28. Bxf5 Bd5 29. Qd3 c4 30. Nxc4 Qc5 31. Qd2 Bxc4+ 32. Kg2
Qxf5 0-1

[Event "22nd Open"]
[Site "Cappelle la Grande FRA"]
[Date "2006.02.20"]
[Round "4"]
[White "Tissir,M"]
[Black "Minet,S"]
[Result "1-0"]
[WhiteElo "2444"]
[BlackElo "2149"]
[EventDate "2006.02.18"]

1. e4 c6 2. Nc3 d5 3. Qe2 dxe4 4. Nxe4 Nf6 5. d3 Bf5 6. Nf3 e6 7. Bd2 Nbd7
8. O-O-O Qb6 9. Nxf6+ Nxf6 10. Ne5 h6 11. g4 Bh7 12. f4 Qc7 13. f5 O-O-O
14. fxe6 fxe6 15. Nc4 Re8 16. h4 Bc5 17. Bh3 Nd7 18. Bc3 Nb6 19. Be5 Qe7
20. Bg3 Nxc4 21. dxc4 Bb6 22. Rd6 Bc7 23. c5 g5 24. Bg2 Bxd6 25. cxd6 Qd7
26. hxg5 hxg5 27. Qe5 b6 28. b4 Kb7 29. b5 Rc8 30. bxc6+ Rxc6 31. Qxh8 1-0

[Event "22nd Open"]
[Site "Cappelle la Grande FRA"]
[Date "2006.02.20"]
[Round "4"]
[White "Panczyk,K"]
[Black "Akesson,R"]
[Result "0-1"]
[WhiteElo "2347"]
[BlackElo "2494"]
[EventDate "2006.02.18"]

1. d4 Nf6 2. c4 e6 3. Nc3 Bb4 4. e3 O-O 5. Nge2 d5 6. a3 Be7 7. cxd5 exd5
8. g3 Re8 9. Bg2 Bf8 10. O-O a5 11. b3 c6 12. Ra2 h5 13. h3 g6 14. f3 c5
15. Nf4 cxd4 16. exd4 Nc6 17. g4 Bg7 18. Nfe2 hxg4 19. hxg4 b6 20. Bg5 Ba6
21. Rf2 Ra7 22. Qd2 Rae7 23. Qf4 Re6 24. Bf1 Qd7 25. Bh6 Qd6 26. Qd2 Bh8
27. Rh2 Nxg4 28. fxg4 Nxd4 29. Nxd4 Re1 30. Ncb5 Qg3+ 31. Rg2 Bxd4+ 0-1

[Event "22nd Open"]
[Site "Cappelle la Grande FRA"]
[Date "2006.02.20"]
[Round "4"]
[White "Paleologu,V"]
[Black "Ardeleanu,A"]
[Result "0-1"]
[WhiteElo "2161"]
[BlackElo "2443"]
[EventDate "2006.02.18"]

1. e4 c5 2. a3 g6 3. c3 Bg7 4. d4 cxd4 5. cxd4 d5 6. e5 Nc6 7. Nc3 Nh6 8.
Bxh6 Bxh6 9. Nge2 O-O 10. g3 Bg4 11. Bg2 Bxe2 12. Nxe2 e6 13. h4 f6 14. f4
fxe5 15. dxe5 Qb6 16. Rf1 Qxb2 17. Rf3 Qb6 18. Rb1 Qa6 19. Rfb3 Rf7 20. Rb5
Qxa3 21. Rxb7 Rxb7 22. Rxb7 Nb4 23. Bh3 Re8 24. Qb1 a5 25. h5 Bxf4 26. Rxh7
Qd3 27. Qxd3 Nxd3+ 28. Kf1 Kxh7 29. hxg6+ Kxg6 30. gxf4 a4 31. Nd4 Nxf4 0-1

[Event "22nd Open"]
[Site "Cappelle la Grande FRA"]
[Date "2006.02.20"]
[Round "4"]
[White "Sakelsek,T"]
[Black "Garrigues,G"]
[Result "1-0"]
[WhiteElo "2418"]
[BlackElo "2129"]
[EventDate "2006.02.18"]

1. e4 e5 2. Nf3 Nc6 3. Bc4 Nf6 4. d3 Be7 5. O-O d6 6. c3 O-O 7. Nbd2 Na5 8.
Bb5 c5 9. Re1 a6 10. Ba4 b5 11. Bc2 Nc6 12. h3 Re8 13. Nf1 h6 14. d4 Bf8
15. Ng3 g6 16. Be3 cxd4 17. cxd4 d5 18. dxe5 Nxe5 19. Nxe5 Rxe5 20. f4 Re8
21. e5 Nh7 22. Qd2 a5 23. a3 Ra6 24. Rad1 Qh4 25. Bf2 Rd8 26. Bd3 Bd7 27.
Nf5 Qh5 28. Nd4 g5 29. f5 g4 30. Qe2 1-0

[Event "22nd Open"]
[Site "Cappelle la Grande FRA"]
[Date "2006.02.20"]
[Round "4"]
[White "Chabanon,JL"]
[Black "Neverov,V"]
[Result "0-1"]
[WhiteElo "2411"]
[BlackElo "2554"]
[EventDate "2006.02.18"]

1. d4 Nf6 2. c4 g6 3. Nc3 d5 4. cxd5 Nxd5 5. e4 Nxc3 6. bxc3 Bg7 7. Bc4 c5
8. Ne2 Nc6 9. Be3 O-O 10. O-O Bg4 11. f3 Bd7 12. Rb1 Rc8 13. dxc5 Na5 14.
Bd5 Qc7 15. Qc2 e6 16. Bb3 Rfd8 17. Nc1 Bb5 18. c4 Ba6 19. Nd3 Bd4 20. Rfe1
Bxe3+ 21. Rxe3 Rd4 22. Qc3 Rcd8 23. Nb4 Bxc4 24. Nc2 Rd3 25. Rxd3 Rxd3 26.
Qb4 Bxb3 27. axb3 Nc6 28. Qe1 Nd4 29. Qf1 Nxf3+ 30. gxf3 Rd2 0-1

[Event "22nd Open"]
[Site "Cappelle la Grande FRA"]
[Date "2006.02.20"]
[Round "4"]
[White "Delchev,A"]
[Black "Sturc,G"]
[Result "1-0"]
[WhiteElo "2661"]
[BlackElo "2103"]
[EventDate "2006.02.18"]

1. e4 e5 2. Bc4 Nc6 3. Nf3 d6 4. c3 Na5 5. Bb5+ c6 6. Be2 b6 7. d4 Qc7 8.
O-O Be7 9. Nbd2 Nf6 10. Re1 Bg4 11. h3 Bh5 12. Nh4 Bg6 13. Nxg6 hxg6 14.
Nf3 Rd8 15. Bd3 Nh5 16. b4 Nb7 17. Qb3 Bf6 18. Be3 Kf8 19. Rad1 Re8 20. a4
Nf4 21. Bxf4 exf4 22. Bc4 g5 23. e5 Bd8 24. d5 cxd5 25. Bxd5 dxe5 26. Bxb7
Qxb7 27. Nxe5 Kg8 28. Nxf7 1-0